| 000 | 01034nam a2200277Ia 4500 | ||
|---|---|---|---|
| 001 | Para_10147 | ||
| 003 | CHAP | ||
| 008 | 220125sNovi xx 000 0 und d | ||
| 010 | _a208841 | ||
| 040 | _cCHAP | ||
| 090 | _aPA CD - TESIS 219 | ||
| 100 |
_aMorales Hernández, Ranfery Gabriel _9125800 |
||
| 245 |
_açsensibilidad in vitro de Didymelia bryoniae en pepino (cucumis sativus) a diferentes fungicidas en la regiòn de Quintana Roo / _c Ranfery Gabriel Morales Hernández; Director Bertha Tlapal Bolaños |
||
| 260 |
_aChapingo, Méx. : _b el autor |
||
| 300 | _a1 CDS ROM (s/n p.) | ||
| 502 | _aTesis (Ing. Agr. Esp. en Parasitología Agrícola). UACh. Departamento Parasitología Agrícola | ||
| 700 |
_aTlapal Bolaños, Bertha. Director _9171336 |
||
| 710 |
_aUACh. Departamento Parasitología Agrícola _9164025 |
||
| 901 | _aPA CD - TESIS 219 | ||
| 902 | _aM | ||
| 905 | _a513220Noviembre, 2012 abnm8100000000 06 | ||
| 910 | _aNovi | ||
| 942 | _cPARA | ||
| 942 |
_cPARA _d2 |
||
| 999 |
_c208841 _d208841 |
||